Stability and Security in the Baltic Sea Region : (Record no. 618241)

MARC details
000 -LEADER
fixed length control field 00520nam a2200193 a 4500
008 - FIXED-LENGTH DATA ELEMENTS--GENERAL INFORMATION
fixed length control field 260330s1999##################000#0#eng##
020 ## - INTERNATIONAL STANDARD BOOK NUMBER
ISBN 9780714649320
082 04 - DEWEY DECIMAL CLASSIFICATION NUMBER
Classification number 355.8330479
Item number KNU
100 1# - MAIN ENTRY--AUTHOR NAME
Personal name Knudsen, Olav,
245 10 - TITLE STATEMENT
Title Stability and Security in the Baltic Sea Region :
260 ## - PUBLICATION, DISTRIBUTION, ETC. (IMPRINT)
Name of publisher Psychology Press,
Year of publication 1999.
300 ## - PHYSICAL DESCRIPTION
Number of Pages 310 pages
650 #0 - SUBJECT ADDED ENTRY--TOPICAL TERM
Topical Term History.
942 ## - ADDED ENTRY ELEMENTS (KOHA)
Koha item type English Books
Holdings
Withdrawn status Lost status Damaged status Not for loan Home library Current library Shelving location Date acquired Full call number Accession Number Price effective from Koha item type
        Anna Centenary Library Anna Centenary Library 4TH FLOOR, A WING 30.03.2026 355.8330479 KNU 178530 30.03.2026 English Books

Find us on the map